000 00872nas a2200289 4500
001 BR0001082
003 BR-BrBNA
005 20231205101715.0
007 ta
008 230509b bl.|||p| |||| 00| 00por d
040 _aBR-BrBNA
_bpor
_cBiblioteca Nacional de Agricultura
041 _a(Pt)
072 _aL02
100 1 _aSilva, J.H.V. da
100 1 _aRodrigues, M.T.
100 1 _aCampos, J.
245 1 _aInfluencia da selecao sobre a qualidade da dieta ingerida por caprinos com feno oferecido em excesso
650 _aCaprino
650 _aHabito Alimentar
650 _aFeno
650 _aQualidade
650 _aGanho de Peso
650 _aMinas Gerais
773 0 _tRevista Brasileira de Zootecnia (Brazil)
_xISSN 1516-3598
_g(Nov-Dec 1999), v. 28(6) p. 1419-1423
_wBR0001082
909 _a202311
_bLúcia
_c55
_dLúcia Elande
942 _2AGRIS
_n0
_cANA
999 _c163399
_d163399